| 000 | 05144cgm a2200889Ia 4500 | ||
|---|---|---|---|
| 001 | ocm52950659 | ||
| 003 | OCoLC | ||
| 005 | 20251218161334.0 | ||
| 007 | vd cvaizk | ||
| 008 | 030902s2003 cau143 g vleng d | ||
| 020 | _a0788848011 | ||
| 020 | _a9780788848018 | ||
| 024 | 1 | 0 | _a786936224306 |
| 024 | 1 | 0 | _a786936812541 |
| 024 | 1 | 0 | _a786936812343 |
| 028 | 4 | 2 |
_a31663 _bBuena Vista Home Entertainment |
| 029 | 1 |
_aNLGGC _b256955638 |
|
| 029 | 1 |
_aNLGGC _b258240490 |
|
| 035 | _a(Sirsi) i9780788848018 | ||
| 035 | _a(OCoLC)52950659 | ||
| 040 |
_aTEFMT _cTEFMT _dTEF _dDMM _dJED _dIMD _dOMP _dOCLCQ _dUVU _dJFL _dOCLCQ _dJED _dOCLCQ _dUINTA _erda |
||
| 041 | 1 |
_aeng _afre _heng _geng |
|
| 043 | _acc----- | ||
| 049 | _aUCLB | ||
| 082 | 0 | 4 |
_a791.43/72 _222 |
| 082 | _a791.437 | ||
| 090 |
_aPN1995.9 .A3 _bP667 2003 |
||
| 092 | _a791.437 | ||
| 130 | 0 |
_aPirates of the Caribbean (Motion picture) _96096203 |
|
| 245 | 1 | 0 |
_aPirates of the Caribbean _h[videorecording] : _bthe curse of the Black Pearl / _cdirected by Gore Verbinski. |
| 246 | 3 | 0 | _aCurse of the Black Pearl |
| 250 | _aCollector's ed. | ||
| 260 |
_a[United States] : _bWalt Disney Home Entertainment ; _aBurbank, CA : _bDistributed by Buena Vista Home Entertainment, _c2003. |
||
| 264 |
_aBurbank, CA : _bWalt Disney Home Entertainment ; _c2003. |
||
| 300 |
_a2 videodiscs (ca. 143 min.) : _bsd., col. ; _c4 3/4 in. |
||
| 500 | _aSpecial features: 19 deleted and alternate scenes; Walt Disney's wonderful world Of color; Moonlight serenade scene progression; image galleries; Disneyland Pirates virtual reality viewer; Moonlight becomes ye effects studio; Dead men tell no tales, the history of the attraction; Pirates of the caribbean attraction image gallery; ScriptScanner(TM); storyboard viewer; blooper reel; multiple audio commentaries: Gore Verbinski And Johnny Depp; Jerry Bruckheimer, Keira Knightley and Jack Davenport; writers Ted Elliott & Terri Rossio and Stuart Beattie and Jay Wolpert; An epic at sea: the making of Pirates; Below deck: an interactive history of Pirates; Fly on the set featurettes; diary of a Pirate; diary of a ship; producer's photo diary with Jerry Bruckheimer. | ||
| 500 | _aAlternate title from 3-movie box set outer container: Disney Pirates of the Caribbean I, The curse of the Black Pearl. | ||
| 508 | _aDirector of photography, Dariusz Wolski ; music, Klaus Badelt ; editors, Craig Wood, Stephen Rivkin, Arthur Schmidt ; costume designer, Penny Rose ; production designer, Brian Morris ; visual effects and animation, Industrial Light & Magic. | ||
| 511 | 1 | _aJohnny Depp, Geoffrey Rush, Orlando Bloom, Keira Knightley, Jack Davenport, Jonathan Pryce, Lee Arenberg, Mackenzie Crook, Damian O'Hare. | |
| 520 | _aThe roguish yet charming Captain Jack Sparrow's idyllic pirate life capsizes after his nemesis, the wily Captain Barbossa, steals his ship, the Black Pearl, and later attacks the town of Port Royal. Captain Barbossa kidnaps the governor's beautiful daughter, Elizabeth. In a gallant attempt to rescue her and recapture the Black Pearl, Elizabeth's childhood friend Will Turner joins forces with Jack. What Will doesn't know is that a cursed treasure has doomed Barbossa and his crew to live forever as the undead. | ||
| 521 | 8 | _aMPAA rating: PG-13; for action/adventure violence. | |
| 538 | _aDVD, produced for region 1 (North America); DTS 5.1 digital surround sound, 5.1 Dolby digital; widescreen version (2.35:1). | ||
| 546 | _aIn English with optional soundtrack in French; closed-captioned. | ||
| 650 | 0 |
_aPirates _zCaribbean Sea _vDrama. _95674013 |
|
| 650 | 0 |
_aSailing ships _zCaribbean Sea _vDrama. _95674014 |
|
| 650 | 0 |
_aAdventure and adventurers _zCaribbean Sea _vDrama. _95674015 |
|
| 650 | 0 |
_aShip captains _zCaribbean Area _vFiction. _96557808 |
|
| 650 | 0 |
_aTreasure troves _zCaribbean Area _vFiction. _96503143 |
|
| 650 | 0 |
_aMan-woman relationships _zCaribbean Area _vFiction. _96557809 |
|
| 651 | 0 |
_aCaribbean area _vFiction. _95694973 |
|
| 655 | 0 |
_aFeature films. _96096204 |
|
| 655 | 0 |
_aAction and adventure films. _95674017 |
|
| 655 | 0 |
_aVideo recordings for the hearing impaired. _96096205 |
|
| 700 | 1 |
_aBruckheimer, Jerry. _961668 |
|
| 700 | 1 |
_aElliott, Ted, _d1961- _970606 |
|
| 700 | 1 |
_aRossio, Terry. _966072 |
|
| 700 | 1 |
_aVerbinski, Gore. _958166 |
|
| 700 | 1 |
_aDepp, Johnny. _96096206 |
|
| 700 | 1 |
_aRush, Geoffrey, _d1951- _976388 |
|
| 700 | 1 |
_aBloom, Orlando, _d1977- _969224 |
|
| 700 | 1 |
_aKnightley, Keira, _d1985- _969837 |
|
| 700 | 1 |
_aDavenport, Jack, _d1973- _967127 |
|
| 700 | 1 |
_aPryce, Jonathan. _918760 |
|
| 700 | 1 |
_aArenberg, Lee. _946263 |
|
| 700 | 1 |
_aCrook, Mackenzie, _d1971- _970234 |
|
| 700 | 1 |
_aWolski, Dariusz A. _970235 |
|
| 700 | 1 |
_aWood, Craig. _974372 |
|
| 700 | 1 |
_aRivkin, Stephen E. _970233 |
|
| 700 | 1 |
_aBadelt, Klaus. _969190 |
|
| 700 | 1 |
_aMorris, Brian. _97121 |
|
| 710 | 2 |
_aWalt Disney Pictures. _922141 |
|
| 710 | 2 |
_aJerry Bruckheimer Films. _968716 |
|
| 710 | 2 |
_aWalt Disney Home Entertainment (Firm) _970855 |
|
| 710 | 2 |
_aBuena Vista Home Entertainment (Firm) _964615 |
|
| 710 | 2 |
_aIndustrial Light and Magic (Studio) _926138 |
|
| 942 |
_cDVD _2ddc |
||
| 999 |
_c7203 _d7203 |
||